[Event "HSG Open"]
[Site "?"]
[Date "2018.06.24"]
[Round "5"]
[White "Witt, Rob"]
[Black "Jelic, Bruno"]
[Result "0-1"]
[WhiteElo "2168"]
[BlackElo "2048"]
[Annotator "Witt"]
[PlyCount "84"]
[EventDate "2018.??.??"]

{De 5e ronde begon 's morgens om half 10.} 1. d4 Nf6 2. c4 e5 {Een verrassing.
Ik had alleen maar Modern Defence en Koningsindisch van hem gezien.} 3. dxe5
Ng4 4. Nh3 {Na 6 minuten deze ongebruikelijke zet om hem uit zijn
voorbereiding te halen. Ik heb deze zet voor het eerst gezien in partijen van
Wim Nijenhuis en later een paar keer gezien bij Wojtaszek.} Nxe5 5. e3 d6 (5...
Bb4+ 6. Bd2 a5 7. Nf4 d6 8. Nc3 O-O 9. Be2 Re8 10. O-O Nbd7 11. Qc2 Nf6 12.
Rad1 c6 13. Na4 Bxd2 14. Rxd2 g5 15. Nd3 Bf5 {Wojtaszek,R (2727)-Ivanchuk,V 
(2710) Huaian 2016 (49.1-0)}) 6. Nf4 g5 {Na een kwartier.} ({Gezonder lijkt me
} 6... g6) 7. Nh5 Bg4 8. Be2 Bxh5 9. Bxh5 Nbc6 {Vergezeld van een hinderlijk
remiseaanbod. En hoewel ik totaal geen zin had om te schaken, was aannemen
geen optie, want een paar uur rondhangen in afwachting van de laatste ronde,
vond ik nog onaantrekkelijker. Bovendien had ik het idee dat zwart heel slecht
stond, maar misschien valt dat mee.} 10. Be2 {Er was op zich nog geen reden om
deze loper terug te trekken.} f5 {Ook na een kwartier.} 11. Nc3 Bg7 {Nu dacht
ik bijna 20 minuten na. Maar ik merkte dat ik eigenlijk niks zag.} 12. Bd2 O-O
13. Nd5 Ne7 14. Bc3 c6 15. Nxe7+ Qxe7 {Ik had het anders moeten aanpakken,
want hier heeft wit niks.} 16. Qc2 f4 17. exf4 gxf4 (17... Rxf4) 18. O-O-O b5 {
De laatste twee agressieve zetten van zwart spelen alleen maar wit in de kaart.
} 19. cxb5 cxb5 20. Qb3+ {Op zich nog niet zo slecht, maar gespeeld met het
verkeerde idee.} ({Veel beter is} 20. Bxb5 {en ik kan niet geloven dat zwart
hier voldoende aanvalskansen krijgt.}) 20... Kh8 21. Qxb5 $2 {Zelfmoord.} (21.
Kb1 {moet beter zijn voor wit.}) 21... Rfc8 22. Kd2 $2 {Hoe bedenk je het.} ({
Ik herinner me nog dat mijn bedoeling was om hier} 22. Qd5 {te spelen. Dat was
in ieder geval iets beter geweest.} Rab8 23. Rd2 {en nu geeft de engine} f3)
22... Rab8 $19 {Nu zag ik pas dat ik geen goeie damezet meer heb.} 23. Qa6 {
Bruno maakt het hard af.} (23. Qd5 Rc5) 23... f3 $1 24. gxf3 Qg5+ 25. Ke1 Qg2
26. Rf1 Rxc3 27. bxc3 Nxf3+ 28. Bxf3 Bxc3+ (28... Qxf3 $1) 29. Ke2 Re8+ 30. Kd3
Qxf3+ 31. Kc2 Be5 {Wit heeft geen zetten meer} ({Natuurlijk niet} 31... Re2+
32. Qxe2 Qxe2+ 33. Kxc3) 32. Rd2 Qc3+ 33. Kd1 Bf4 34. Qd3 Qa1+ 35. Kc2 Qxa2+
36. Kd1 Qa1+ 37. Kc2 Rc8+ 38. Kb3 Rb8+ 39. Kc4 Qa4+ 40. Kd5 Qa5+ 41. Ke6 Qe5+
42. Kd7 Qe8+ {En ik feliciteerde Bruno.} 0-1

[Event "HSG Open"]
[Site "?"]
[Date "2018.06.24"]
[Round "6"]
[White "Van de Griendt, Wouter"]
[Black "Witt, Rob"]
[Result "1/2-1/2"]
[WhiteElo "1843"]
[BlackElo "2168"]
[Annotator "Witt"]
[PlyCount "100"]
[EventDate "2018.??.??"]

{De laatste ronde tegen de broer van Jan-Willem tegen wie ik vorig jaar mijn
enige nederlaag leed.} 1. e4 c5 {Geen trek in nog een Franse ruilvariant.} 2.
Nf3 e6 3. d4 cxd4 4. Nxd4 Nc6 5. Be3 Nf6 6. Bd3 a6 {Na een kwartier.} ({
Mijn eerste gedachte was} 6... d5 {en dat blijkt ook de meest gespeelde zet te
zijn.} 7. Nxc6 bxc6 8. e5 Nd7 9. f4 {en zwart heeft niks te klagen. Ik wilde
echter proberen een stelling uit de Taimanov te krijgen.}) 7. O-O Qc7 8. Nc3
Ne5 9. h3 b5 ({Meestal volgt} 9... Bc5) 10. a3 {Een beetje slap.} ({Er zijn
veel partijen gespeeld met} 10. f4 Nc4 11. Bxc4 Qxc4 12. Qd3) 10... Bb7 11. Qe2
Rc8 12. Rad1 Be7 13. f4 Nc4 14. Bxc4 ({Niet gekeken naar de zet van de engine} 
14. Ndxb5 axb5 15. Nxb5 Qc6 $11) 14... Qxc4 15. e5 Qxe2 16. Ndxe2 Nd5 17. Nxd5
Bxd5 {Ik was wel tevreden met deze overzichtelijke stelling waarin ik iets
beter sta en niet zo veel fout kan doen als ik oplet.} 18. Nc3 Bc6 19. Rf2 a5
20. Rfd2 b4 {Wit nog 25 minuten, zwart nog ruim een uur.} 21. axb4 axb4 22. Ne2
Bd5 23. c3 O-O 24. Ra1 Ra8 25. Rxa8 Rxa8 26. cxb4 Bxb4 27. Rc2 {Hier dacht ik
een kwartier na, waardoor ik alleen maar in verwarring raakte.} Kf8 {Die deed
ik in een opwelling, terwijl ik eigenlijk de meeste tijd besteed had aan h5 en
f6.} 28. Bc5+ {Ik baalde een beetje dat ik deze mogelijkheid vergeten was,
maar misschien is het niet eens de beste zet.} Bxc5+ 29. Rxc5 Rb8 30. Rc2 Rb4 {
Wit nog 6 minuten (+ 10" increment) en zwart 50 minuten. Het vervolg speelde
ik een beetje op de automatische piloot in de verwachting dat Wouter wel een
keer zou instorten. Zo'n instelling hoort natuurlijk afgestraft te worden en
dat gebeurt dan ook.} 31. Kf2 h5 32. g3 Ke7 33. Nc3 Bc6 34. Rd2 h4 35. Ne2
hxg3+ 36. Kxg3 Rb3+ 37. Nc3 Kd8 38. Kh4 Ke7 39. Kg5 Rb8 40. Kg4 {Wit leeft nu
nog alleen op zijn 10 seconden increment.} f5+ 41. Kg3 Kf7 42. h4 Kg6 43. Rh2
Kh5 44. Rd2 Rb4 45. Ne2 Re4 46. Kf2 Kg4 {Het is totaal uit.} 47. Rd1 Bb5 $4 {
Je moet natuurlijk wel opletten.} (47... Rxe2+ {en wit zal opgeven.}) 48. Rg1+
{Och, ik kan niet naar h5.} Kxh4 49. Rh1+ Kg4 50. Rg1+ Kh4 {Ik was meer
verbaasd door deze plotselinge remise, dan dat ik zat te balen. Dit kon er ook
nog wel bij. Weer een kleine 30 ratingpunten onnodig door het putje.} 1/2-1/2

[Event "Caissa intern 2018-2019"]
[Site "?"]
[Date "2018.09.11"]
[Round "1.1"]
[White "Witt, Rob"]
[Black "Christophe, Nirav"]
[Result "0-1"]
[WhiteElo "2124"]
[BlackElo "2137"]
[Annotator "Witt"]
[PlyCount "101"]
[EventDate "2018.??.??"]

{Vorig seizoen had Nirav zich voorgenomen om weer intern te gaan spelen. Toen
is daar niks van terecht gekomen, maar dit seizoen wil hij dit mooie voornemen
waarmaken.} 1. d4 Nf6 2. Nf3 {Geen zin in de Budapester, dacht ik bij mijzelf.
En Nirav gaf na afloop aan dat hij dit inderdaad van plan was.} d6 3. Nc3 ({
Meestal kom ik in deze stelling terecht via 1.Pf3 d6 2.d4 Pf6 en dan speel ik
altijd} 3. c4) 3... Bg4 {Geen Pirc waar ik met mijn 3e zet een beetje op
gehoopt had. In de recente vluggermatch Giri - Mamedyarov had Giri veel succes
met de opstelling:} (3... g6 4. e4 Bg7 5. Be3) 4. e4 Nc6 {Hier ben ik al weer
'out of book'. Dat zou ik overigens na iedere andere zet ook zijn.} 5. Be2 {
Na 6 minuten een van de vele mogelijkheden.} ({Volgens Nirav hebben we deze
stelling eerder op het bord gehad en speelde ik toen} 5. Bb5 a6 6. Bxc6+ {
Ik ben die partij kwijt.}) (5. Be3 {wordt het meest gespeeld.}) ({En Carlsen
speelde een keer} 5. d5 Nb8 ({Nirav deed in de analyse} 5... Ne5) 6. h3 Bxf3 7.
Qxf3 Nbd7 8. g4 g6 9. Be3 Bg7 10. O-O-O {(34.1-0) Carlsen,M (2851)-Petrosian,T
(2611) chess.com INT 2016}) 5... e5 6. Be3 ({Ik had niet zo'n zin in een
gesloten stelling na bijv.} 6. d5 Bxf3 7. Bxf3 Nd4 8. Be3 Nxf3+ 9. Qxf3 Be7 {
al zal dit wel iets beter voor wit zijn.}) 6... Bxf3 {Na 8 minuten.} 7. Bxf3
exd4 8. Bxd4 Nxd4 9. Qxd4 Be7 $6 {Dit lijkt te passief.} ({De meeste partijen
gaan verder met} 9... c6 {en zwart scoort daar goed mee. Kennelijk moet wit
deze opening toch anders aanpakken.}) 10. O-O-O $146 {Na 10 minuten.} ({
Ik keek ook naar} 10. e5 {maar ik zag niks bijzonders na} dxe5 11. Qxe5 c6 12.
Rd1 (12. O-O Qd6 {werd remise gegeven in een partij Moiseev (2455)-Brandics 
(2325).}) 12... Qb8 {en na een damezet rokeert zwart.}) 10... O-O 11. e5 dxe5 {
Na 7 minuten.} 12. Qxe5 Bd6 {Na 12 minuten. En Nirav was heel verbaasd dat ik
snel vervolgde met} 13. Qd4 {Ik was tevreden over deze zet en had nauwelijks
tijd besteed aan alternatieven.} ({Nirav zei na afloop dat hij niet wist wat
hij had moeten doen op} 13. Qb5 {De engine vindt het niks bijzonders na zowel}
Rb8 {Die had ik gezien.} ({als ook na het scherpe} 13... c6 14. Qxb7 Bf4+ 15.
Kb1 Qa5 16. Qxc6 Rab8 $44) {En nu maakte Nirav zich grote zorgen over} 14. Bxb7
{Een zet die ik niet eens zou overwegen. Maar Nirav heeft in zoverre gelijk
dat zwart niet kan profiteren van de penning. De engine geeft als beste voor
zwart} Nd7 15. Ne4 {en nu weer verrassend terug} Nf6 {met voldoende
compensatie na bijv.} 16. Rhe1 Nxe4 17. Rxe4 Qf6 $44) 13... Qc8 14. Nb5 Rd8 15.
Qc4 {Na 10 minuten. Ik wist niet wat de beste zet was en ik had het gevoel dat
langer nadenken geen zin had. Ik verhinder in ieder geval a6 en dreig nu pion
b7 te winnen.} Rd7 {Na 10 minuten een zet die voor mij onverwacht kwam en
misschien ook minder goed is. Zwart wil a6 spelen en pion b7 dekken. Wit nog
een uur, zwart drie kwartier.} ({Ik had in eerste instantie gekeken naar} 15...
Be5 16. Rxd8+ Qxd8 17. Bxb7 Rb8 18. Bc6 Bxb2+ {Misschien moet zwart wat anders
spelen.} 19. Kxb2 a6 20. a4 {en dit leek me goed voor wit.}) ({Ik verwachtte} 
15... Ne8 {en wist nog niet wat ik dan zou spelen. Waarschijnlijk} 16. Rhe1 {
maar er lijkt niet zoveel aan de hand.}) 16. Rhe1 a6 $6 {Dat was het idee van
zwart's laatste zet, maar wit komt nu duidelijk beter te staan.} ({Maar ook na
het door de engine gesuggereerde} 16... Bf8 {staat wit beter.}) 17. Nxd6 cxd6
18. Qb4 {Ik wist niet zeker wat de beste damezet is.} (18. Qd4 {kwam ook in
aanmerking.}) 18... a5 {Na 7 minuten.} 19. Qb5 {En opnieuw kun je je afvragen
of dit de beste damezet is.} Ra6 $6 {Na 11 minuten.} ({Zelf verwachtte ik} 
19... a4 {om veld a5 vrij te maken voor een toren. Maar dat is toch wel goed
voor wit na} 20. a3 Qc7 21. Rd4 Ra5 22. Qd3 $16) ({Misschien is} 19... Qc7 {
het beste.}) 20. Rd2 $5 {Na 12 minuten. Ik had bedacht dat het een goed idee
was om de torens te verdubbelen op de e-lijn. Met de tekstzet probeer ik dit
nog een beetje te camoufleren.} Qd8 {Wit nog 39 minuten, zwart 21 minuten.} 21.
Rde2 {Dreigt zowel Lxb7 als Lg4.} ({De engine is heel enthousiast over het
naar voren gooien van de pionnen} 21. g4 h6 22. h4 $16) 21... h6 {Voorkomt
Lxb7.} 22. Bg4 {Ik weet niet of dit als een verrassing kwam.} Rb6 {De enige
zet. Nu dacht ik 5 minuten na. Ga ik voor het goede eindspel of voor de
pionwinst. Uiteindelijk besloot ik tot de pionwinst.} 23. Qxa5 ({De engine
geeft de voorkeur aan het goede eindspel na} 23. Qxd7 Nxd7 24. Re8+ Qxe8 25.
Rxe8+ Nf8 26. Bf3 {ad ziet dit er nog beter uit dan ik tijdens de partij dacht.
}) 23... Rc7 24. Qa4 Rbc6 25. Bf3 ({Nog sterker lijkt} 25. Bf5 g6 26. Bd3)
25... d5 26. Kb1 Qd6 27. g3 Rc4 28. Qb3 Qc5 29. Qd3 g6 30. Rd1 d4 {En nu
speelde ik vrij snel} 31. b3 $4 ({Na bijv.} 31. Bg2 $16 {heeft wit een gezonde
pluspion.}) 31... Rc3 $19 {Met stukwinst.} ({Ik had alleen gekeken naar} 31...
Rb4 32. a3 Rb5 33. Qxd4 $18) 32. Qxd4 {Wit nog 18 minuten, zwart 8 minuten (+
15" increment). De rest is niet meer interessant en ik zou er ook normaal
gesproken geen aandacht meer aan besteden. Maar Nirav speelt het niet op zijn
best en tot mijn verbazing zie ik bij het invoeren van de partij dat ik remise
had kunnen maken.} Qxd4 33. Rxd4 Rxf3 34. c4 Kf8 35. Rd8+ Kg7 36. Rd4 h5 37. h3
Nh7 {Mooi gezien. Zwart dreigt Pg5-h3 en als ik dat verhinder met h4 dan gaat
het paard weer naar g4. Ik kreeg de neiging om op te geven, maar probeerde nog}
38. Red2 {Misschien ziet Nirav spoken wegens de mogelijkheid Td7.} Nf8 ({
Zwart blijft natuurlijk gewonnen staan, maar veel sterker was} 38... Ng5 {
en wit heeft niks om op te hopen.}) 39. Kc2 Ne6 40. R4d3 Rxd3 41. Rxd3 (41.
Kxd3 Rd7+ {is ook hopeloos.}) 41... Kf6 (41... Ng5 $1 42. h4 Ne4) 42. Rd5 Nc5 (
42... Ng5) 43. f3 Ke6 44. Kc3 Nd7 45. Kd4 f6 46. f4 Nb8 47. g4 {Wit nog 11
minuten, zwart 2 minuten.} (47. c5) 47... Rd7 $2 {Dit blijkt fout te zijn.} (
47... Nc6+) (47... f5) 48. gxh5 $2 {Gedachtenloos gespeeld. Ik had de partij
in gedachten al lang opgegeven. Dat moet je dus nooit doen.} ({Volgens de
engine kan wit remise maken met} 48. f5+ gxf5 ({of} 48... Kf7 49. gxh5 gxh5 50.
Rxd7+ Nxd7 51. a4 ({of} 51. b4 $11) 51... Ke7 52. b4 {enz.}) 49. Rxd7 Kxd7 50.
gxh5 $11 {De engine zal wel gelijk hebben. Ik heb na een tijdje analyseren van
beide varianten niets kunnen vinden voor zwart.}) 48... gxh5 49. f5+ Ke7 {
Dat is het verschil, de koning hoeft niet naar f7.} 50. Kc5 Rxd5+ 51. cxd5 {
En ik feliciteerde Nirav. Pas bij het invoeren van de partij bleek de gemiste
kans op zet 48.} (51. Kxd5 {was iets beter maar ook hopeloos.}) 0-1

[Event "SOPSWEPS - Caissa 2"]
[Site "?"]
[Date "2018.09.16"]
[Round "?"]
[White "Benschop, M.."]
[Black "Janse, P.."]
[Result "0-1"]
[WhiteElo "2021"]
[BlackElo "2086"]
[PlyCount "28"]
[EventDate "2018.??.??"]

1. e4 c5 2. a3 {Voor het eerst in bijna 40 jaar Siciliaans spelen dat ik dit
tegen me krijg. Ik weet niets. Mijn volgende zet herinnerde ik mij ergens
gelezen te hebben als een van de beste methoden.} g6 3. b4 Bg7 4. Nc3 Nc6 5.
Rb1 d6 6. bxc5 {Nieuw, zo lijkt. Hij deed het na afloop voorkomen alsof dit
nog normaal was.} (6. g3 {is hier het meest gespeeld.}) 6... dxc5 {Ik overwoog
zelfs Lxc3+, zodat ik na zijn volgende zet niet lang aarzelde.} 7. Nf3 $6 (7.
Bb2) 7... Bxc3 8. dxc3 Qxd1+ 9. Kxd1 Nf6 10. Bd3 (10. Nd2 {leek mij het best,
ziet er niet heel lekker uit, maar het blijft gewoon een tweensijdende
stelling.}) 10... c4 11. Bxc4 Nxe4 12. Bb2 $4 {Onbegrijpelijk. Maar Martijn
was al gedesillusioneerd door zijn stelling, omdat hij zo nonchalant Pf3 had
gespeeld terwijl hij wel wist dat Lb2 had gemoeten.} (12. Ke1 {Wit krijgt nu
compensatie voor zijn pion, hoewel waarschijnlijk niet helemaal genoeg.} Nxc3
13. Rb3 Ne4) 12... Nxf2+ 13. Ke2 Nxh1 14. Rxh1 O-O {En hij geloofde het verder
wel. Ik weet niet of het me ooit al is gebeurd dat mijn tegenstander opgaf na
rokade. Het lijkt me sowieso een zeldzaam verschijnsel.} 0-1

[Event "SOPSWEPS - Caissa 2  3-5"]
[Site "?"]
[Date "2018.09.15"]
[Round "1"]
[White "Witt, Rob"]
[Black "Bottema, Tom"]
[Result "1/2-1/2"]
[WhiteElo "2139"]
[BlackElo "2218"]
[Annotator "Witt"]
[PlyCount "79"]
[EventDate "2018.??.??"]

{OP het eerste bord had ik gerekend op IM Marcel Peek, maar het werd Tom
Bottema die heel andere openingen speelt.} 1. d4 g6 2. e4 Bg7 {Ik was niet
voorbereid op de Modern Defence en heb er ook niet echt iets op. Daarom
besloot ik te improviseren.} 3. Nf3 d6 4. Be2 Nc6 {Na 10 minuten.} ({Ik had
geen bezwaar tegen de Pirc. In de recente vluggermatch Hou Yifan - Nakamura
speelde Nakamura zes keer} 4... Nf6 {en won ze ook alle zes. Maar dat lag
zeker niet aan de opening.}) 5. d5 Ne5 6. Nxe5 dxe5 7. O-O Nf6 8. Bb5+ $6 {
In deze structuur leek het me goed om de witveldige lopers te ruilen. Ik had
zelfs spijt dat ik dit niet op de vorige zet gedaan had. Maar misschien zie ik
dat verkeerd want de engine wil die lopers helemaal niet ruilen.} Bd7 9. Bxd7+
Qxd7 10. Qe2 O-O 11. c4 e6 12. Nc3 exd5 13. cxd5 Ne8 {Na ruim een kwartier.}
14. f3 Nd6 15. b3 {Ik speelde met de gedachte om een keer Pc3-a4-c5 te spelen
en als zwart dat verhindert met b6 ontstaan er weer andere zwaktes. Probleem
is dat wit ook moet oppassen voor de manoeuvre Pd6-b5-a4.} Rfd8 {Zwart wil in
de toekomst wel een keer f7-f5-f4 spelen, maar dat doet hij het liefst nadat
hij zijn loper naar d6 heeft omgespeeld.} 16. Bg5 Re8 17. Rac1 Rac8 ({Bij de
post-mortem gaven we de voorkeur aan} 17... Bf8) 18. Be3 ({Want hier had ik
kunnen kiezen voor} 18. Na4 {omdat} Nb5 $2 {niet kan.}) 18... Bf8 19. a4 {
Ik verlaat het idee met Pa4. Misschien ten onrechte.} (19. Na4) 19... a6 20.
Rc2 f5 {Wit nog bijna een uur, zwart een half uur.} 21. Rfc1 f4 22. Bf2 ({
Ik verwierp} 22. Bc5 {wegens} Nf5 23. Bf2 Nd4 24. Bxd4 exd4 {Het verbaast me
dat de engine hier de voorkeur geeft aan wit}) 22... Nf7 23. Nd1 {Het leek me
logisch om dit paard naar f2 te spelen om een toekomstig g5-g4 op te vangen.} (
{Achteraf dachten we dat} 23. Nb1 {misschien beter was. Bijv.} g5 24. Bc5 Bd6
25. Nd2 h5 26. Qf2 Kh7 27. Nc4 {maar ook hier krijgt zwart tegenkansen.}) 23...
Ba3 24. Ra1 Bd6 25. Rc4 ({Ik moest wel een tempo verliezen want op meteen} 25.
Bc5 {komt zwart los met} Bxc5+ 26. Rxc5 c6) 25... g5 26. Rac1 Re7 27. Bc5 Rf8
28. Nf2 h5 29. h3 Nh6 30. Qc2 Rg7 {Wit nog een half uur, zwart 6 minuten.} 31.
Bxd6 cxd6 32. Rc7 ({Achteraf vonden we} 32. Rc8 {sterker, maar ik zie nu niet
meer waarom.}) 32... Qxc7 {Gek genoeg kwam dit een beetje als een verrassing.}
33. Qxc7 Rxc7 34. Rxc7 Rf7 35. Rc4 ({Ik zag geen concreet winstplan maar ik
wilde ook nog niet remise maken met} 35. Rc8+ Rf8 36. Rc7 Rf7) 35... Rd7 {
Zwart nog 2 minuten.} 36. Kf1 Kf7 37. Ke2 {We hebben deze stelling niet
geanalyseerd.} ({Ik heb hier nog een tijdje zitten kijken naar een plan om een
pion naar b6 te brengen. Maar het leek me niks omdat zwart dan met zijn toren
langs de a-lijn aktief kan worden. Bijv.} 37. b4 Ke8 38. b5 axb5 39. axb5 Rd8
40. b6 Nf7 41. Ke2 Ra8 42. Rc7 Ra2+) 37... Ke7 38. Kd3 Kd8 39. Kc3 Rg7 {
We stonden inmiddels met 3½-½ voor en dit leek me het juiste moment om
remise aan te bieden.} 40. Kb4 {Zwart had weinig tijd om daar lang over na te
denken en accepteerde. Uiteindelijk wonnen we de wedstrijd met 5-3. Een mooi
resultaat tegen een op elo gelijkwaardige tegenstander. We mochten wel blij
zijn dat Ron Hoffman kwam supporteren, want Maarten Hoeneveldl kwam niet
opdagen zodat Ron na een half uur inviel en won.} 1/2-1/2